[Event "Belgrade Trako"]
[Site "Belgrade"]
[Date "1995.??.??"]
[Round "4"]
[White "Damljanovic, Branko"]
[Black "Stamenkovic, Zoran"]
[Result "1-0"]
[WhiteElo "2575"]
[BlackElo "2415"]
[PlyCount "54"]
[EventDate "1995.03.??"]
[EventType "tourn"]
[EventRounds "13"]
[EventCountry "YUG"]
[EventCategory "9"]
[SourceTitle "CBM 047 Extra"]
[Source "ChessBase"]
[SourceDate "1995.09.01"]
[SourceVersion "1"]
[SourceVersionDate "1995.09.01"]
[SourceQuality "1"]

1. e4 e6 2. d3 d5 3. Nd2 Nf6 4. Ngf3 b6 5. c3 Be7 6. Qa4+ c6 7. e5 Nfd7 8. Qg4 0-0 9. d4 f5 10. Qh3 Ba6 11. g4 Qe8 12. Rg1 Qg6 13. gxf5 Qxf5 14. Qxf5 exf5 15. c4 dxc4 16. Nxc4 Re8 17. Bh6 Bb4+ 18. Bd2 Bf8 19. Nh4 c5 20. Nxf5 Nc6 21. Ncd6 Bxd6 22. Rxg7+ Kh8 23. Rxd7 Bxf1 24. Kxf1 Bf8 25. Bg5 Nxd4 26. Nxd4 cxd4 27. Bf6+ Kg8 1-0